| 000 | 00417nam a2200169 a 4500 | ||
|---|---|---|---|
| 001 | 0000-9183 | ||
| 003 | ELIB.Books | ||
| 008 | 110520 1981 | ||
| 035 | _a(ELIB.Books)0000-9335 | ||
| 082 |
_a150 _bAll |
||
| 100 | _aAllbritton, Bert | ||
| 245 | _aVictory over Depression | ||
| 260 |
_bDallas: Whitaker House _c1981 |
||
| 650 | _aPsychology | ||
| 942 |
_2ddc _cBK |
||
| 998 |
_cbat _e2011-05-20 |
||
| 999 |
_c9183 _d9183 |
||